000
00268nam a22001097a 4500
082
_a
004
100
_a
Tripati, Upendra nath
_9
80759
245
_a
Introduction to Computer Science
260
_a
Delhi
_b
Rishabh books
_c
2016
650
_a
Computer Science
_9
16
942
_c
BK
999
_c
64017
_d
64017